Loading...
Selected Poems Of Kumaran Asan
| Hovedforfatter: | |
|---|---|
| Format: | Printed Book |
| Udgivet: |
Trivandrum;
University Of Kerala;
1975
|
| Udgivelse: | Ist |
| Fag: |
| LEADER | 00523nam a22001457a 4500 | ||
|---|---|---|---|
| 082 | |a 824 |b RAM/S L5 | ||
| 100 | |a R Ramachandran Nair(Ed.) |9 170389 | ||
| 245 | |a Selected Poems Of Kumaran Asan | ||
| 250 | |a Ist | ||
| 260 | |a Trivandrum; |b University Of Kerala; |c 1975 | ||
| 300 | |a 152p. | ||
| 650 | |a Poetry Study; English Literature |9 318084 | ||
| 942 | |c BK | ||
| 999 | |c 63616 |d 63616 | ||
| 952 | |0 0 |1 0 |4 0 |6 824_000000000000000_RAM_S_L5 |7 0 |8 POES |9 76167 |a MAL |b MAL |d 2016-10-06 |e TE547 |g 20.00 |l 0 |o 824 RAM/S L5 |p MALTE000547 |r 2016-10-06 |t 1 |w 2016-10-06 |y BK | ||